Analýza a návrh aplikácie na evidenciu dochádzky študentov v počítačových učebniach bakalárska práca

Gespeichert in:
Bibliographische Detailangaben
1. Verfasser: Tušková, Hana Júlia
Körperschaft: Fakulta hospodárskej informatiky EU. Katedra aplikovanej informatiky
Weitere Verfasser: Mačurová, Eva
Format: Buch
Sprache:Slowakisch
Veröffentlicht: Bratislava 2015
Tags: Tag hinzufügen
Keine Tags, Fügen Sie das erste Tag hinzu!

MARC

LEADER 00000nbm a2200000 4500
001 0203639
005 20161212113904.3
041 0 |a slo 
044 |a SK 
245 1 0 |a Analýza a návrh aplikácie na evidenciu dochádzky študentov v počítačových učebniach  |b bakalárska práca  |c Hana Júlia Tušková ; školiteľ: Eva Mačurová 
264 1 |a Bratislava  |c 2015 
300 |a 51 s. 
100 1 |a Tušková, Hana Júlia 
700 1 |a Mačurová, Eva 
710 2 |a Fakulta hospodárskej informatiky EU. Katedra aplikovanej informatiky